| 000 | 01273nam a2200301 4500 | ||
|---|---|---|---|
| 005 | 20220624074652.0 | ||
| 008 | 220624s2019 maua|||gr|||| 00| 0 eng d | ||
| 020 | _a9781949484021 | ||
| 040 |
_aCO-BoUCM _bspa _cDeissy Garcia _dDeissy Garcia |
||
| 041 | 0 | _aeng | |
| 100 | 1 |
_9175066 _aLee, Pamela M. |
|
| 245 | 1 | 4 |
_aThe Glen Park Library _ba fairy tale of disruption _cPamela M. Lee ; prefacio Kuo, Michelle |
| 246 | 3 | 0 | _aFairy tale of disruption |
| 260 |
_aNueva York _aSan Francisco, California _bno place press _c2019 |
||
| 300 |
_a109 páginas _bilustraciones |
||
| 500 | _aBibliografía Básica - Facultad de Creación - Pregrado en Artes | ||
| 504 | _aIncluye referencias bibliográficas e índices | ||
| 600 | 1 | 0 |
_aUlbricht, Ross William _d1984- _9175067 |
| 650 | 7 |
_aDelitos informáticos _zSan Francisco, California _9175068 |
|
| 650 | 7 |
_aNarcotráfico _zEstados Unidos _9175069 |
|
| 650 | 7 |
_aComercio electrónico _zEstados Unidos _9175070 |
|
| 650 | 7 |
_aMedios de comunicación y tecnología _9175071 |
|
| 650 | 7 |
_aDerecho a la privacidad _912686 |
|
| 651 | 1 | 0 |
_aGlen Park (San Francisco, California) _9175072 |
| 700 | 1 |
_aKuo, Michelle _eprólogo _9175073 |
|
| 942 |
_2DEWEY _cLIBRO _a5 _e1 _h364.168092 _mL477g _n0 |
||
| 999 |
_c321371 _d321371 |
||